• AIU
  • Tony Wilmot Memorial Library

The place of sudanese arabic (Record no. 64039)

MARC details
000 -LEADER
fixed length control field 00301nam a2200121 4500
082 0# - DEWEY DECIMAL CLASSIFICATION NUMBER
Classification number 409
100 1# - MAIN ENTRY--PERSONAL NAME
Personal name Crewe, W. J.
245 13 - TITLE STATEMENT
Title The place of sudanese arabic
Remainder of title A study in comparative dialectology :
Statement of responsibility, etc W. J. Crewe
260 ## - PUBLICATION, DISTRIBUTION, ETC. (IMPRINT)
Place of publication, distribution, etc Khartoum
300 ## - PHYSICAL DESCRIPTION
Extent 18 p.
700 1# - ADDED ENTRY--PERSONAL NAME
Personal name Crewe, W. J.
942 ## - ADDED ENTRY ELEMENTS (KOHA)
Source of classification or shelving scheme
Koha item type Books

No items available.